| 000 | 00387nam a2200157Ia 4500 | ||
|---|---|---|---|
| 008 | 210716s2012 xx 000 0 und d | ||
| 020 | _a9788184048964 | ||
| 041 | _aeng | ||
| 082 | _a004.6x RAYE | ||
| 100 | _aRay, Erik t. | ||
| 245 | _aLearning xml. | ||
| 250 | _a2 | ||
| 260 |
_aMumbai _bShroff Publishers and Distributors Pvt Ltd _c2012 |
||
| 300 | _axiv,400,27 | ||
| 650 | _aNone | ||
| 999 |
_c192551 _d192551 |
||